| 000 | 00401cam a2200169ua 4500 | ||
|---|---|---|---|
| 001 | 307 | ||
| 008 | 110329n enk |||gr||||Z||||||eng | ||
| 040 | _cMAIN | ||
| 082 | _a300 | ||
| 245 | 1 | 0 | _aFrontiers of social science |
| 250 | _bedited by Baljit Singh. | ||
| 260 |
_aLondon: _bMacmillan. |
||
| 300 |
_axi, 519p: _c50cm. |
||
| 653 | _aSociology | ||
| 653 | _aFrontiers of social science | ||
| 942 | _cBK | ||
| 999 |
_c260 _d260 |
||